000 00557nam a22001817a 4500
005 20251108171731.0
008 250721s1988 xx 000 0 ara d
082 1 4 _aم/818/ودا
100 1 _aالقاضي، وداد
245 1 0 _aالبصائر و الذخائر لأبي حيان التوحيدي :
_bالفهارس العامة /
264 1 _aبيروت :
_bدار صادر،
_c1988.
300 _a374ص
650 1 7 _aالأدب العربي
650 1 7 _aالمتنوعات
650 1 7 _aالفهارس
942 _2ddc
_cREF
999 _c61147
_d61147